| 000 | 00444nam a22001217a 4500 | ||
|---|---|---|---|
| 005 | 20260629140144.0 | ||
| 100 |
_aSyed Muhammad Sajjad Haider _a21-MSSE-14 _aSupervisor - Prof.Dr. Zahid Hussain Abro _91042 |
||
| 245 | _aA Comparative Analysis of Dark Mode and Light Mode in IDEs A Developers Perspective (Thesis MS) | ||
| 260 |
_aNawabshah _bQUEST _c2025 |
||
| 300 | _a115p. | ||
| 700 |
_aDepartment of Information Technology _9954 |
||
| 942 | _cTHESIS | ||
| 999 |
_c69097 _d69094 |
||